Language Quiz

Random Language Quiz
Score 0/41 Timer 15:00
0 Plays Today
English Name Swahili Name % Correct
historyhistoria
70%
businessbiashara
60%
religiondini
60%
chemistrykemia
50%
law sheria
50%
musicmuziki
50%
mathematicshesabu
50%
educationelimu
50%
sciencesayansi
50%
economicsuchumi
40%
biologybayolojia
30%
fine artssanaa
30%
nutritionlishe
30%
physicsfizikia
30%
engineeringuhandisi
30%
geographyjiografia
30%
surgeryupasuaji
20%
archeologyakiolojia
20%
linguisticsisimu ya lugha
20%
literaturefasihi
20%
medicineudaktari
20%
English Name Swahili Name % Correct
botanybotania
20%
environmental scienceelimu ya hali ya mazingira
10%
plant sciencesayansi ya mimea
10%
social sciencesayansi ya jamii
10%
developmental studiesmasomo ya maendeleo
10%
African studiesmasomo ya Kiafrika
10%
philosophyfalsafa
10%
urban planningmipango ya miji
10%
women's studiesmasomo ya wanawake
10%
psychologysaikolojia
10%
financeelimu ya usimamizi wa fedha
0%
library scienceelimu ya maktaba
0%
theater artsanaa za maonyesho
0%
managementmanejimenti
0%
architechtureusanifu majengo
0%
computer scienceelimu ya kompyuta
0%
communication studieselimu ya mawasiliano
0%
pediatricsmatibabu ya watoto
0%
political scienceelimu ya siasa
0%
meteorologymeterolojia
0%
Come Together.
Have Fun.
All Virtual.
We all need to come together. Play Sporcle's virtual live trivia to have fun, connect with people, and get your trivia on. Join a live hosted trivia game for your favorite pub trivia experience done virtually. If a virtual private party is more your thing, go here for details.

You're not logged in!

Compare scores with friends on all Sporcle quizzes.
OR
Log In

Sporcle TV

Today on Sporcle TV


Watch our educational content, quiz creation guides, and fun videos on Sporcle TV.

Show Comments

Extras

Created Feb 11, 2011ReportNominate
Tags:Academic, Kiswahili, Study

Top Quizzes Today


Score Distribution

Paid Content

Your Account Isn't Verified!

In order to create a playlist on Sporcle, you need to verify the email address you used during registration. Go to your Sporcle Settings to finish the process.

Report this User

Report this user for behavior that violates our Community Guidelines.

Details: